书目信息 |
| 题名: |
汉语作为第二语言的词汇教学
|
|
| 作者: | 曾立英 编著 | |
| 分册: | ||
| 出版信息: | 北京 中央民族大学出版社 2010.09 |
|
| 页数: | 237页 | |
| 开本: | 23cm | |
| 丛书名: | 国际汉语教学研究生系列教材 | |
| 单 册: | ||
| 中图分类: | H195.3 | |
| 科图分类: | ||
| 主题词: | 汉语--han yu--词汇--对外汉语教学--教学研究 | |
| 电子资源: | ||
| ISBN: | 978-7-81108-900-4 | |
| 000 | 01514nam 2200301 450 | |
| 001 | 012011451944 | |
| 005 | 20110608132834.79 | |
| 010 | @a978-7-81108-900-4@dCNY32.00 | |
| 100 | @a20110608d2010 em y0chiy0120 ea | |
| 101 | 0 | @achi |
| 102 | @aCN@b110000 | |
| 105 | @ay a 000yy | |
| 106 | @ar | |
| 200 | 1 | @a汉语作为第二语言的词汇教学@Ahan yu zuo wei di er yu yan de ci hui jiao xue@d= Chinese lexical teaching as a second language@f曾立英编著@Fceng li ying bian zhu@zeng |
| 210 | @a北京@c中央民族大学出版社@d2010.09 | |
| 215 | @a237页@d23cm | |
| 225 | 2 | @a国际汉语教学研究生系列教材@Aguo ji han yu jiao xue yan jiu sheng xi lie jiao cai |
| 300 | @a中央民族大学“国际汉语教学”重点培育学科项目资助 本教材为教育部人文社会科学研究青年基金项目 (07JC740016) “现代汉语类词缀研究”阶段性成果 | |
| 320 | @a有书目 | |
| 330 | @a本书立足于第二语言词汇教学, 将词汇学理论与第二语言词汇教学实践密切结合, 偏重于汉语作为第二语言词汇教学的理论与方法, 偏重于汉语词汇知识的语言教学实践, 注重对硕士生教学技能的训练, 注重词库、语料库等计算机语言学手段在词汇教学中的运用, 培养汉语国际教育硕士在词汇教学方面的学识和素养。 | |
| 333 | @a本书适用于汉语国际教育硕士、汉语作为第二语言教学的教师以及汉语教师志愿者 | |
| 410 | 0 | @12001 @a国际汉语教学研究生系列教材 |
| 510 | 1 | @aChinese lexical teaching as a second language@zeng |
| 606 | 0 | @a汉语@Ahan yu@x词汇@x对外汉语教学@x教学研究 |
| 690 | @aH195.3@v4 | |
| 701 | 0 | @a曾立英@Aceng li ying@4编著 |
| 801 | 0 | @aCN@bQSSK@c20110608 |
| 905 | @b793658-60@dH195.3@eZ026@f3 | |
| 汉语作为第二语言的词汇教学= Chinese lexical teaching as a second language/曾立英编著.-北京:中央民族大学出版社,2010.09 |
| 237页;23cm.-(国际汉语教学研究生系列教材) |
| 中央民族大学“国际汉语教学”重点培育学科项目资助 本教材为教育部人文社会科学研究青年基金项目 (07JC740016) “现代汉语类词缀研究”阶段性成果.-使用对象:本书适用于汉语国际教育硕士、汉语作为第二语言教学的教师以及汉语教师志愿者 |
| ISBN 978-7-81108-900-4:CNY32.00 |
| 本书立足于第二语言词汇教学, 将词汇学理论与第二语言词汇教学实践密切结合, 偏重于汉语作为第二语言词汇教学的理论与方法, 偏重于汉语词汇知识的语言教学实践, 注重对硕士生教学技能的训练, 注重词库、语料库等计算机语言学手段在词汇教学中的运用, 培养汉语国际教育硕士在词汇教学方面的学识和素养。 |
| ● |
| 相关链接 |
|
|
|
正题名:汉语作为第二语言的词汇教学
索取号:H195.3/Z026
 
预约/预借
| 序号 | 登录号 | 条形码 | 馆藏地/架位号 | 状态 | 备注 |
| 1 | 793658 | 207936581 | 语言库209/209语言库 78排3列4层/ [索取号:H195.3/Z026] | 在馆 | |
| 2 | 793659 | 207936590 | 语言库209/209语言库 78排3列4层/ [索取号:H195.3/Z026] | 在馆 | |
| 3 | 793660 | 207936607 | 语言库209/209语言库 78排3列4层/ [索取号:H195.3/Z026] | 在馆 |